000 01683cam a2200289 4500500
005 20260329013932.0
041 _afre
042 _adc
100 1 0 _ade Gelis, Olric
_eauthor
245 0 0 _aÉcologie et espérance : la possibilité du Royaume
260 _c2025.
500 _a4
520 _aFace à l’ampleur de la crise écologique et à ses implications morales, on propose une relecture de la tradition chrétienne de l’espérance à partir d’une réflexion sur la liberté, la justice et la charité. S’esquisse une espérance « rematérialisée », capable de mobiliser les croyants dans un engagement concret pour la création et les marges du monde. Une telle espérance redonne à la liberté chrétienne toute sa portée historique et cosmologique.
520 _aIn light of the ecological crisis and its moral implications, this article revisits the Christian tradition of hope through a reflection on freedom, justice, and charity. It outlines a « rematerialized hope » that calls believers to a concrete commitment to creation and to the world’s margins. Such hope restores to Christian freedom its full historical and cosmological significance.
690 _aCharité
690 _aÉcologie
690 _aEspérance
690 _aIrénée de Lyon
690 _aJustice créationnelle
690 _aCharity
690 _aCreational Justice
690 _aEcology
690 _aHope
690 _aIrenaeus of Lyon
786 0 _nNouvelle revue théologique | 147 | 4 | 2025-09-02 | p. 542-556 | 0029-4845
856 4 1 _uhttps://shs.cairn.info/revue-nouvelle-revue-theologique-2025-4-page-542?lang=fr&redirect-ssocas=7080
999 _c1884730
_d1884730